[Event "Rated Blitz game"]
[Site "?"]
[Date "2021.06.07"]
[Round "?"]
[White "Chandelure"]
[Black "blastol"]
[Result "0-1"]
[WhiteElo "2371"]
[BlackElo "2415"]
[PlyCount "44"]
[EventDate "2021.??.??"]
[EventType "blitz"]

1. e4 e5 2. Nf3 d5 3. Nxe5 Bd6 4. d4 dxe4 5. Bc4 Bxe5 6. dxe5 Qxd1+ 7. Kxd1 Nc6
8. Bf4 Nge7 9. Bg3 h5 10. Re1 h4 11. Bf4 Ng6 12. Bg5 Rh5 13. Bd2 Bg4+ 14. Kc1
Rxe5 15. Bc3 Rc5 16. Rxe4+ Nge5 17. f4 Rxc4 18. Rxe5+ Nxe5 19. fxe5 Re4 20. Na3
O-O-O 21. b3 Re2 22. h3 Bf5 {Normal} 0-1

[Event "Rated Blitz game"]
[Site "?"]
[Date "2021.06.07"]
[Round "?"]
[White "fathermother"]
[Black "KinzyabulatovRenat"]
[Result "0-1"]
[WhiteElo "2426"]
[BlackElo "2364"]
[PlyCount "84"]
[EventDate "2021.??.??"]
[EventType "blitz"]

1. e4 e5 2. Nf3 d5 3. Nxe5 Bd6 4. d4 dxe4 5. Nc3 Bxe5 6. dxe5 Qxd1+ 7. Kxd1 Nc6
8. Bb5 Bd7 9. Bf4 Nge7 10. Re1 O-O-O 11. Kc1 Ng6 12. Bxc6 Bxc6 13. Bg3 h5 14.
h4 Rhe8 15. Nxe4 Nxe5 16. f3 f5 17. Ng5 f4 18. Bf2 Nc4 19. Rxe8 Rxe8 20. b3 Re2
21. Nh3 Bd7 22. Nxf4 Rxf2 23. bxc4 Bf5 24. Kd1 Rxc2 25. Rc1 Rxa2 26. Ke1 a5 27.
Kf1 g6 28. c5 a4 29. c6 b5 30. Re1 Kb8 31. Re8+ Ka7 32. Nd5 Rc2 33. Nxc7 Kb6
34. Nd5+ Kxc6 35. Nb4+ Kc5 36. Nxc2 Bxc2 37. Rc8+ Kd4 38. Rxc2 b4 39. Ke1 b3
40. Rd2+ Kc3 41. Kd1 b2 42. Rc2+ Kb3 {Normal} 0-1

[Event "Rated Blitz game"]
[Site "?"]
[Date "2021.06.07"]
[Round "?"]
[White "Wallner"]
[Black "liaqat321"]
[Result "0-1"]
[WhiteElo "2413"]
[BlackElo "2414"]
[PlyCount "58"]
[EventDate "2021.??.??"]
[EventType "blitz"]

1. e4 e5 2. Nf3 d5 3. exd5 e4 4. Ne5 Qxd5 5. Nc4 Nf6 6. Nc3 Qd8 7. Be2 Bf5 8.
O-O Bd6 9. Ne3 Bg6 10. d3 O-O 11. d4 Nc6 12. b3 Nxd4 13. Bb2 c5 14. Bc4 Qe7 15.
Ncd5 Qe5 16. g3 Bh5 17. Nxf6+ gxf6 18. Qb1 Bf3 19. c3 Nf5 20. Qc2 a6 21. Rfe1
Nxe3 22. Rxe3 Qh5 23. Bf1 Be5 24. Bg2 Rfd8 25. Bxf3 exf3 26. Rd1 b5 27. Red3
Rxd3 28. Rxd3 c4 29. Rd5 Qh3 {Normal} 0-1

[Event "Rated Blitz game"]
[Site "?"]
[Date "2021.06.07"]
[Round "?"]
[White "Katzik"]
[Black "liaqat321"]
[Result "1-0"]
[WhiteElo "2410"]
[BlackElo "2420"]
[PlyCount "67"]
[EventDate "2021.??.??"]
[EventType "blitz"]

1. e4 e5 2. Nf3 d5 3. Nxe5 Bd6 4. d4 dxe4 5. Nc4 Nf6 6. Ne3 O-O 7. c4 c5 8. d5
Nbd7 9. Be2 Ne5 10. Nc3 a6 11. Qc2 Re8 12. Nxe4 Bc7 13. Nxc5 Neg4 14. Bd2 Nxe3
15. Bxe3 Bg4 16. O-O-O Rc8 17. Nxb7 Qe7 18. d6 Bxd6 19. Nxd6 Bxe2 20. Nxc8 Qb4
21. Qxe2 Rxc8 22. Rd4 h6 23. Rhd1 Kh7 24. Kb1 g6 25. Qd2 Qb7 26. f3 a5 27. Bxh6
a4 28. Bg5 Nh5 29. Rd7 Qc6 30. Rxf7+ Ng7 31. Bf6 Rg8 32. Rxg7+ Rxg7 33. Bxg7
Kxg7 34. Qd7+ {Normal} 1-0

[Event "Rated Blitz game"]
[Site "?"]
[Date "2021.06.07"]
[Round "?"]
[White "Davor_Rogic"]
[Black "DarthZannah"]
[Result "1-0"]
[WhiteElo "2477"]
[BlackElo "2571"]
[PlyCount "147"]
[EventDate "2021.??.??"]
[EventType "blitz"]

1. e4 e5 2. Nf3 d5 3. exd5 e4 4. Ne5 Qxd5 5. d4 exd3 6. Nxd3 Nf6 7. Nc3 Qf5 8.
Be2 Bd6 9. O-O Nc6 10. Bf3 O-O 11. Be3 Ng4 12. Bxg4 Qxg4 13. Qxg4 Bxg4 14. Nb5
Be2 15. Rfe1 Bxd3 16. cxd3 Rad8 17. Bxa7 b6 18. Rec1 Bc5 19. Rxc5 bxc5 20. Bxc5
Rfe8 21. Nxc7 Re2 22. b4 Rxd3 23. g3 Ra3 24. b5 Ra5 25. Bb6 Raxa2 26. Rxa2 Rxa2
27. bxc6 Rc2 28. Nd5 Kf8 29. c7 Ke8 30. Kg2 Kd7 31. Kf3 Rd2 32. Ke4 Rd1 33. h4
Rc1 34. h5 Kd6 35. Be3 f5+ 36. Kd4 Rd1+ 37. Kc4 Kd7 38. Ne7 Kxc7 39. Nxf5 Rd7
40. Bd4 Rf7 41. Nxg7 Kd7 42. f4 Rf8 43. Kd5 Ra8 44. h6 Ke7 45. Ke4 Kf7 46. Nf5
Kg6 47. g4 Re8+ 48. Be5 Ra8 49. g5 Ra4+ 50. Bd4 Ra5 51. Ne7+ Kf7 52. Bf6 Rb5
53. Kf3 Rb1 54. Kg4 Rg1+ 55. Kf5 Rh1 56. Nd5 Rd1 57. Ne3 Rh1 58. Ng4 Kg8 59.
Ne5 Rd1 60. Ke6 Rb1 61. Be7 Rb6+ 62. Bd6 Ra6 63. f5 Ra8 64. g6 Re8+ 65. Be7 Ra8
66. Nd7 Ra6+ 67. Bd6 hxg6 68. fxg6 Kh8 69. Kf7 Rxd6 70. g7+ Kh7 71. g8=Q+ Kxh6
72. Nf6 Rxf6+ 73. Kxf6 Kh5 74. Qg5# {Normal} 1-0

[Event "Rated Blitz game"]
[Site "?"]
[Date "2021.06.07"]
[Round "?"]
[White "SomeCM"]
[Black "KinzyabulatovRenat"]
[Result "0-1"]
[WhiteElo "2432"]
[BlackElo "2379"]
[PlyCount "84"]
[EventDate "2021.??.??"]
[EventType "blitz"]

1. e4 e5 2. Nf3 d5 3. exd5 e4 4. Qe2 Nf6 5. d3 Qxd5 6. dxe4 Qxe4 7. Be3 Bb4+ 8.
c3 Bd6 9. Nbd2 Qe7 10. Nc4 O-O 11. Nxd6 Qxd6 12. Qd3 Qe7 13. O-O-O Nc6 14. Kb1
Rd8 15. Qc2 Rxd1+ 16. Qxd1 Bf5+ 17. Bd3 Rd8 18. Nd4 Nxd4 19. cxd4 Bxd3+ 20.
Qxd3 c5 21. Qa3 Qe4+ 22. Ka1 cxd4 23. Rd1 Qc2 24. Qd3 Qxd3 25. Rxd3 Ng4 26.
Rxd4 Rxd4 27. Bxd4 a6 28. h3 Nh6 29. g4 f5 30. f3 g6 31. b3 Kf7 32. Kb2 Ke6 33.
Kc3 Kd5 34. Bg7 Nf7 35. Kb4 b6 36. Kc3 Ne5 37. gxf5 gxf5 38. f4 Ng6 39. Bd4 b5
40. Be3 Ke4 41. Bc1 Nxf4 42. Kb4 Nd3+ {Normal} 0-1

[Event "Rated Blitz game"]
[Site "?"]
[Date "2021.06.07"]
[Round "?"]
[White "lucas444"]
[Black "annaly1979"]
[Result "0-1"]
[WhiteElo "2530"]
[BlackElo "2470"]
[PlyCount "42"]
[EventDate "2021.??.??"]
[EventType "blitz"]

1. e4 e5 2. Nf3 d5 3. Nxe5 Qe7 4. d4 f6 5. Nf3 dxe4 6. Ng1 f5 7. c4 Nf6 8. Nc3
Nc6 9. Be3 Qb4 10. Qc2 f4 11. Bxf4 Nxd4 12. Qd2 c5 13. Nge2 Bg4 14. Nxd4 Rd8
15. Ncb5 Qxd2+ 16. Kxd2 cxd4 17. Nxa7 Bb4+ 18. Kc2 d3+ 19. Kb3 Bc5 20. h3 Bxa7
21. hxg4 O-O {Normal} 0-1

[Event "Rated Blitz game"]
[Site "?"]
[Date "2021.06.07"]
[Round "?"]
[White "Fantastic_power06"]
[Black "KamranShirazi"]
[Result "1-0"]
[WhiteElo "2666"]
[BlackElo "2565"]
[PlyCount "105"]
[EventDate "2021.??.??"]
[EventType "blitz"]

1. e4 e5 2. Nf3 d5 3. Nxe5 Bd6 4. d4 dxe4 5. Bc4 Bxe5 6. Qh5 Qe7 7. Qxe5 Qxe5
8. dxe5 Nc6 9. Nc3 Nd4 10. O-O Nxc2 11. Rb1 Bf5 12. Bf4 Ne7 13. Rbc1 Nd4 14.
Rfe1 Be6 15. Nxe4 Bxc4 16. Rxc4 Ne6 17. Bg5 h6 18. Bh4 Nf5 19. Bg3 O-O 20. Rd1
Rfd8 21. Rcc1 b6 22. Kf1 Rxd1+ 23. Rxd1 Rd8 24. Rxd8+ Nxd8 25. Ke2 Nc6 26. f4
Kf8 27. Kd3 Nxg3 28. hxg3 Ke7 29. g4 Ke6 30. a3 a6 31. Nc3 g5 32. g3 gxf4 33.
gxf4 f5 34. exf6 Nd8 35. Ne4 Nf7 36. g5 hxg5 37. Nxg5+ Kxf6 38. Nxf7 Kxf7 39.
Ke4 Ke6 40. f5+ Kd6 41. Kf4 c5 42. Kg5 Ke7 43. Kg6 Kf8 44. Kf6 c4 45. Ke5 b5
46. Kd4 Ke7 47. Kc5 Kf6 48. Kb6 Kxf5 49. Kxa6 Ke4 50. Kxb5 Kd3 51. Kb4 Kd4 52.
a4 Kd5 53. a5 {Time forfeit} 1-0

[Event "Rated Blitz game"]
[Site "?"]
[Date "2021.06.07"]
[Round "?"]
[White "VitorBronson"]
[Black "annaly1979"]
[Result "1-0"]
[WhiteElo "2513"]
[BlackElo "2475"]
[PlyCount "58"]
[EventDate "2021.??.??"]
[EventType "blitz"]

1. e4 e5 2. Nf3 d5 3. Nxe5 Qe7 4. d4 f6 5. Ng4 Nc6 6. Bb5 Bd7 7. O-O Qxe4 8.
Re1 f5 9. Rxe4+ fxe4 10. c4 dxc4 11. d5 Nb8 12. Bxc4 Bd6 13. Nc3 h5 14. Ne3 Nf6
15. Qc2 O-O 16. Nxe4 Nxe4 17. Qxe4 Na6 18. Bd3 Nc5 19. Qh7+ Kf7 20. Qxh5+ Ke7
21. Bf5 Rae8 22. Bxd7 Kxd7 23. Bd2 Kc8 24. Nc4 Ne4 25. Qg4+ Kb8 26. Re1 Bc5 27.
Rxe4 Bxf2+ 28. Kh1 Bb6 29. Rxe8+ Rxe8 {Normal} 1-0

[Event "Rated Blitz game"]
[Site "?"]
[Date "2021.06.07"]
[Round "?"]
[White "satlan"]
[Black "ReinaldoR"]
[Result "1-0"]
[WhiteElo "2651"]
[BlackElo "2501"]
[PlyCount "47"]
[EventDate "2021.??.??"]
[EventType "blitz"]

1. e4 e5 2. Nf3 d5 3. exd5 e4 4. Qe2 Nf6 5. d3 Qxd5 6. Nbd2 Bf5 7. dxe4 Nxe4 8.
Ng5 Bb4 9. Ngxe4 O-O 10. c3 Nc6 11. Qc4 Qa5 12. cxb4 Nxb4 13. a3 Nc6 14. Be2
Bxe4 15. O-O Bg6 16. Nf3 Rfe8 17. b4 Qh5 18. Be3 Re4 19. Qc5 Qg4 20. h3 Qd7 21.
Rad1 Qe8 22. Bd3 h6 23. Bxe4 Bxe4 24. Nd4 {Time forfeit} 1-0

[Event "Rated Blitz game"]
[Site "?"]
[Date "2021.06.07"]
[Round "?"]
[White "Mr-Tanaka"]
[Black "Chesspirate_Channel"]
[Result "1-0"]
[WhiteElo "2455"]
[BlackElo "2339"]
[PlyCount "73"]
[EventDate "2021.??.??"]
[EventType "blitz"]

1. e4 e5 2. Nf3 d5 3. exd5 e4 4. Qe2 Nf6 5. d3 Be7 6. Nfd2 exd3 7. Qxd3 Nxd5 8.
Ne4 Nc6 9. a3 O-O 10. c4 Nf6 11. Qxd8 Bxd8 12. Nxf6+ Bxf6 13. Nc3 Re8+ 14. Be3
Bg4 15. h3 Bh5 16. g4 Bg6 17. O-O-O Na5 18. Rd5 Nb3+ 19. Kd1 c6 20. Rd6 Rad8
21. c5 Be5 22. Rxd8 Rxd8+ 23. Ke2 Nd4+ 24. Bxd4 Bxd4 25. Bg2 Bxc5 26. Rd1 Re8+
27. Kf1 h5 28. Rd7 Rb8 29. f4 hxg4 30. hxg4 Bc2 31. Ne4 Bb6 32. Ng5 Rd8 33.
Rxb7 Re8 34. Bf3 Bd3+ 35. Kg2 Be3 36. Rxf7 Bxf4 37. Rxf4 {Normal} 1-0

[Event "Rated Blitz game"]
[Site "?"]
[Date "2021.06.07"]
[Round "?"]
[White "AlexeiIvanovitch"]
[Black "Frutek"]
[Result "1-0"]
[WhiteElo "2636"]
[BlackElo "2625"]
[PlyCount "67"]
[EventDate "2021.??.??"]
[EventType "blitz"]

1. e4 e5 2. Nf3 d5 3. Nxe5 Bd6 4. d4 dxe4 5. Nc4 Nf6 6. Be2 O-O 7. Bg5 Nc6 8.
Nc3 Bf5 9. g4 Bg6 10. h4 h6 11. h5 Bh7 12. Be3 Bb4 13. a3 Bxc3+ 14. bxc3 Nd5
15. Qd2 b5 16. Nb2 a6 17. c4 bxc4 18. Nxc4 Rb8 19. Rg1 f6 20. Na5 Nxa5 21. Qxa5
Kh8 22. Kd2 Ne7 23. Rgb1 Nc6 24. Rxb8 Qxb8 25. Qxa6 Qb2 26. Rd1 Nxd4 27. Bxd4
Qxd4+ 28. Ke1 Qc3+ 29. Kf1 f5 30. g5 hxg5 31. Rd7 f4 32. h6 gxh6 33. Qxh6 Qa1+
34. Bd1 {Normal} 1-0

[Event "Rated Blitz game"]
[Site "?"]
[Date "2021.06.07"]
[Round "?"]
[White "Lode77"]
[Black "khalid_ontawar"]
[Result "0-1"]
[WhiteElo "2415"]
[BlackElo "2416"]
[PlyCount "40"]
[EventDate "2021.??.??"]
[EventType "blitz"]

1. e4 e5 2. Nf3 d5 3. Nxe5 Qe7 4. d4 f6 5. Nd3 dxe4 6. Nf4 Bf5 7. Bc4 Nc6 8. g4
Bg6 9. Nxg6 hxg6 10. Bf4 O-O-O 11. c3 f5 12. Nd2 g5 13. d5 gxf4 14. dxc6 e3 15.
O-O Qh4 16. Nf3 Qxg4+ 17. Kh1 Rxd1 18. Be6+ Kb8 19. Raxd1 Qxf3+ 20. Kg1 Bd6 {
Normal} 0-1

[Event "Rated Blitz game"]
[Site "?"]
[Date "2021.06.07"]
[Round "?"]
[White "Suri_Berlin"]
[Black "liaqat321"]
[Result "1-0"]
[WhiteElo "2443"]
[BlackElo "2412"]
[PlyCount "79"]
[EventDate "2021.??.??"]
[EventType "blitz"]

1. e4 e5 2. Nf3 d5 3. exd5 e4 4. Qe2 Nf6 5. d3 Bb4+ 6. Bd2 O-O 7. dxe4 Re8 8.
e5 Nxd5 9. Nc3 Nc6 10. Qe4 Bxc3 11. bxc3 Nf6 12. Qf4 Ng4 13. Be2 Ngxe5 14. Nxe5
Rxe5 15. Be3 Bf5 16. Rd1 Qe7 17. O-O Bxc2 18. Rd2 Bg6 19. Bf3 Re8 20. Bxc6 bxc6
21. h3 a5 22. Rfd1 Qa3 23. Qxe5 Rxe5 24. Rd8+ Qf8 25. Rxf8+ Kxf8 26. Rd7 Bb1
27. a3 Rd5 28. Rxc7 Be4 29. f3 Rd1+ 30. Kf2 Bd5 31. Ra7 Rd3 32. Bd4 Rd2+ 33.
Kg3 h5 34. h4 g5 35. hxg5 h4+ 36. Kxh4 Rxg2 37. Bf6 Ke8 38. Re7+ Kf8 39. Rd7
Ke8 40. Rd8# {Normal} 1-0

[Event "Rated Blitz game"]
[Site "?"]
[Date "2021.06.07"]
[Round "?"]
[White "MrMang0"]
[Black "blastol"]
[Result "0-1"]
[WhiteElo "2377"]
[BlackElo "2408"]
[PlyCount "104"]
[EventDate "2021.??.??"]
[EventType "blitz"]

1. e4 e5 2. Nf3 d5 3. d4 dxe4 4. Nxe5 Bd6 5. Bc4 Bxe5 6. Qh5 Qe7 7. Qxe5 Qxe5
8. dxe5 Nc6 9. Bf4 Nge7 10. Nd2 Ng6 11. Bg3 h5 12. h3 Ncxe5 13. O-O-O f5 14.
Bb3 Ke7 15. Rhe1 Be6 16. Bxe6 Kxe6 17. Nxe4 fxe4 18. Rxe4 Kf5 19. Rde1 Nc6 20.
Bxc7 Rac8 21. g4+ hxg4 22. hxg4+ Kg5 23. Bg3 Rhf8 24. Rh1 Nf4 25. c3 Rce8 26.
Rhe1 Rxe4 27. Rxe4 Kxg4 28. Kc2 Kf3 29. Re1 g5 30. Re3+ Kg4 31. b4 a6 32. a4
Rd8 33. b5 axb5 34. axb5 Na5 35. Re5 Nc4 36. Re7 Rd2+ 37. Kb3 Nd6 38. Kb4 Rb2+
39. Kc5 Rd2 40. c4 b6+ 41. Kxb6 Nxc4+ 42. Kc5 Nd6 43. Bxf4 gxf4 44. Rg7+ Kf5
45. f3 Ke6 46. Rg8 Nb7+ 47. Kb6 Rd6+ 48. Ka7 Rd7 49. Rg6+ Kd5 50. Rg5+ Kc4 51.
b6 Nc5+ 52. Kb8 Rb7+ {Time forfeit} 0-1

[Event "Rated Blitz game"]
[Site "?"]
[Date "2021.06.07"]
[Round "?"]
[White "marxistpawns"]
[Black "BrilliantGambiteer"]
[Result "1-0"]
[WhiteElo "2493"]
[BlackElo "2389"]
[PlyCount "61"]
[EventDate "2021.??.??"]
[EventType "blitz"]

1. e4 e5 2. Nf3 d5 3. exd5 Bd6 4. d3 f5 5. c4 Nf6 6. Nc3 O-O 7. Be2 e4 8. dxe4
fxe4 9. Nd4 a6 10. O-O Qe8 11. Be3 Qg6 12. Qd2 Bh3 13. g3 Bxf1 14. Bxf1 Ng4 15.
Bg2 Qh5 16. h3 Nf6 17. Ne6 Re8 18. Nxe4 Nxe4 19. Bxe4 Qxh3 20. Ng5 Qd7 21.
Bxh7+ Kf8 22. Ne6+ Rxe6 23. Bf5 Qe7 24. Bxe6 Nd7 25. Bg5 Nf6 26. a3 a5 27. Re1
Bc5 28. Qf4 Qd6 29. Qf3 Re8 30. Bxf6 gxf6 31. Qxf6# {Normal} 1-0

[Event "Rated Blitz game"]
[Site "?"]
[Date "2021.06.07"]
[Round "?"]
[White "peaudepaillator"]
[Black "pasha1984"]
[Result "1-0"]
[WhiteElo "2503"]
[BlackElo "2384"]
[PlyCount "87"]
[EventDate "2021.??.??"]
[EventType "blitz"]

1. e4 e5 2. Nf3 d5 3. exd5 e4 4. Qe2 Nf6 5. d3 Qxd5 6. Nbd2 Nc6 7. dxe4 Qh5 8.
Qb5 Bc5 9. e5 Nd7 10. Ne4 Ncxe5 11. Nxc5 Nxf3+ 12. gxf3 Qxc5 13. Qxc5 Nxc5 14.
Be3 b6 15. Rg1 O-O 16. Bxc5 bxc5 17. Bd3 Bb7 18. Rg3 Rfe8+ 19. Kd2 Rad8 20. Kc3
Re5 21. Rag1 g6 22. f4 Rh5 23. h3 Bc8 24. a4 Rd4 25. Rg5 Rxg5 26. Rxg5 f5 27.
Rg3 Rxa4 28. Re3 Kf8 29. Re5 Rxf4 30. Rxc5 Rxf2 31. Rxc7 Be6 32. Rxa7 h5 33. b4
Rf3 34. b5 Bd5 35. b6 Rxh3 36. b7 Bxb7 37. Rxb7 g5 38. Kd4 f4 39. Ke5 f3 40.
Kf6 Ke8 41. Bg6+ Kd8 42. Kxg5 f2 43. Rf7 Rg3+ 44. Kxh5 {Time forfeit} 1-0

[Event "Rated Blitz tournament kb2fUw4C"]
[Site "?"]
[Date "2021.06.07"]
[Round "?"]
[White "BMoyooo"]
[Black "vovaches"]
[Result "0-1"]
[WhiteElo "2239"]
[BlackElo "2552"]
[PlyCount "76"]
[EventDate "2021.??.??"]
[EventType "blitz"]

1. e4 e5 2. Nf3 d5 3. Nxe5 Bd6 4. d4 dxe4 5. Bc4 Bxe5 6. dxe5 Qxd1+ 7. Kxd1 Nc6
8. Re1 Bg4+ 9. Be2 O-O-O+ 10. Nd2 Nxe5 11. c3 Nf6 12. Kc2 Bxe2 13. Rxe2 Rhe8
14. Nxe4 Nd3 15. f3 Nxe4 16. fxe4 Nc5 17. e5 Nd3 18. Bg5 f6 19. Bh4 Nxe5 20.
Rae1 Re6 21. Bg3 Rde8 22. h3 Kd7 23. Bf2 Ng6 24. Rd2+ Kc8 25. Red1 b6 26. Bg3
Re2 27. Kb3 Rxd2 28. Rxd2 Re3 29. Bh2 Re4 30. a4 a5 31. Ka3 Ne7 32. Kb3 Nc6 33.
Ka3 Ne5 34. b3 Ng6 35. Kb2 Nh4 36. Kc2 Nf5 37. Kb2 Ne3 38. Ka3 Nf1 {Normal} 0-1

[Event "Rated Blitz game"]
[Site "?"]
[Date "2021.06.07"]
[Round "?"]
[White "Starazagora"]
[Black "khalid_ontawar"]
[Result "1-0"]
[WhiteElo "2429"]
[BlackElo "2418"]
[PlyCount "117"]
[EventDate "2021.??.??"]
[EventType "blitz"]

1. e4 e5 2. Nf3 d5 3. d3 dxe4 4. dxe4 Qxd1+ 5. Kxd1 Bg4 6. Bd3 Bxf3+ 7. gxf3
Nc6 8. Be3 O-O-O 9. Nc3 Nb4 10. Ke2 Nxd3 11. cxd3 Bb4 12. Nd5 Bd6 13. Bxa7 b6
14. Bxb6 cxb6 15. Nxb6+ Kb7 16. Nc4 Ne7 17. b4 Ng6 18. a4 Nf4+ 19. Ke3 Bxb4 20.
Nxe5 Ng2+ 21. Ke2 Bc3 22. Rab1+ Ka8 23. Nxf7 Nf4+ 24. Kf1 Rb8 25. Rc1 Rhc8 26.
Nd6 Rc6 27. Nb5 Rbc8 28. Rg1 Be5 29. Re1 Rc1 30. Rg5 Bf6 31. Rf5 Nxd3 32. Rxc1
Rxc1+ 33. Kg2 Kb7 34. f4 Bh4 35. Rh5 Bxf2 36. Rxh7 Rc2 37. Rxg7+ Kb6 38. Kf3
Ne1+ 39. Kg4 Bg1 40. Kf5 Bxh2 41. Nd4 Ra2 42. Rg6+ Kc5 43. Ne6+ Kc4 44. Ng5 Ng2
45. Rc6+ Kd4 46. Nf3+ Ke3 47. Nxh2 Nh4+ 48. Kg4 Rxh2 49. Kg3 Rh1 50. Rc3+ Ke2
51. f5 Kd2 52. Ra3 Kc2 53. a5 Kb2 54. Ra4 Kb3 55. Rd4 Kc3 56. Rd8 Kb4 57. Ra8
Nxf5+ 58. exf5 Ra1 59. Kf4 {Time forfeit} 1-0

[Event "Rated Rapid game"]
[Site "?"]
[Date "2021.06.07"]
[Round "?"]
[White "Ali_Hasan"]
[Black "DarthZannah"]
[Result "0-1"]
[WhiteElo "2401"]
[BlackElo "2562"]
[PlyCount "86"]
[EventDate "2021.??.??"]
[EventType "rapid"]

1. e4 e5 2. Nf3 d5 3. d4 dxe4 4. Nxe5 Nd7 5. Qe2 Nxe5 6. dxe5 Qd4 7. Nd2 Qxe5
8. Qxe4 Qxe4+ 9. Nxe4 Bf5 10. Bd3 O-O-O 11. Nd6+ Bxd6 12. Bxf5+ Kb8 13. O-O Ne7
14. Bd3 Nd5 15. Bg5 f6 16. Bh4 Be5 17. Rab1 Nf4 18. Bc4 Rd4 19. b3 Nxg2 20.
Kxg2 Rxh4 21. h3 Rd8 22. Rbd1 Rhd4 23. Rxd4 Rxd4 24. Re1 c6 25. a4 Kc7 26. Kf3
Kd6 27. Rg1 g5 28. Rg4 Rd2 29. Bd3 h5 30. Rc4 Rd1 31. Bg6 Rh1 32. Kg2 Rh2+ 33.
Kg1 Rxh3 34. Rb4 b6 35. Re4 h4 36. Kg2 Rc3 37. Re1 h3+ 38. Kh1 Kc5 39. Bd3 Kb4
40. Re3 h2 41. Kg2 Ka3 42. Rh3 a5 43. Rh8 Rxd3 {Normal} 0-1

[Event "Rated Blitz game"]
[Site "?"]
[Date "2021.06.07"]
[Round "?"]
[White "tankost2002"]
[Black "KinzyabulatovRenat"]
[Result "1-0"]
[WhiteElo "2404"]
[BlackElo "2351"]
[PlyCount "27"]
[EventDate "2021.??.??"]
[EventType "blitz"]

1. e4 e5 2. Nf3 d5 3. Nc3 dxe4 4. Nxe4 f5 5. Nxe5 fxe4 6. Qh5+ g6 7. Nxg6 Nf6
8. Qe5+ Be7 9. Nxh8 Nc6 10. Bb5 Bd7 11. Bxc6 Bxc6 12. d4 Qd5 13. Bf4 O-O-O 14.
Qxc7# {Normal} 1-0

[Event "Rated Blitz game"]
[Site "?"]
[Date "2021.06.07"]
[Round "?"]
[White "Storm_100"]
[Black "KinzyabulatovRenat"]
[Result "0-1"]
[WhiteElo "2416"]
[BlackElo "2396"]
[PlyCount "49"]
[EventDate "2021.??.??"]
[EventType "blitz"]

1. e4 e5 2. Nf3 d5 3. d3 dxe4 4. dxe4 Qxd1+ 5. Kxd1 Nf6 6. Nbd2 Ng4 7. Ke2 Bc5
8. Nb3 Bb6 9. Be3 Nxe3 10. fxe3 f6 11. Nfd2 Bg4+ 12. Kf2 a5 13. Nc4 Nd7 14.
Nxb6 Nxb6 15. Nc5 O-O-O 16. h3 Bh5 17. Ke1 Rd6 18. Bd3 Rhd8 19. g4 Bf7 20. a4
Nc4 21. Bxc4 Bxc4 22. b3 Bf7 23. Rh2 Bg6 24. h4 b6 25. g5 {Normal} 0-1

[Event "Rated Blitz game"]
[Site "?"]
[Date "2021.06.07"]
[Round "?"]
[White "Kung_Fu_Panda3"]
[Black "KinzyabulatovRenat"]
[Result "1-0"]
[WhiteElo "2412"]
[BlackElo "2398"]
[PlyCount "59"]
[EventDate "2021.??.??"]
[EventType "blitz"]

1. e4 e5 2. Nf3 d5 3. exd5 e4 4. Qe2 Nf6 5. Nc3 Be7 6. Nxe4 Nxd5 7. d4 O-O 8.
c3 Re8 9. Bd2 f5 10. Ng3 Nc6 11. O-O-O Kh8 12. Qd3 a5 13. Qc2 f4 14. Ne4 Bf5
15. Bd3 Bf6 16. Rde1 a4 17. a3 Na5 18. Kb1 Nb3 19. Nxf6 Bxd3 20. Qxd3 Qxf6 21.
Ne5 c6 22. g3 b5 23. gxf4 Nxf4 24. Bxf4 Qxf4 25. h4 c5 26. h5 cxd4 27. Qxb5
dxc3 28. Ng6+ hxg6 29. hxg6+ Kg8 30. Qd5+ {Normal} 1-0

[Event "Rated Blitz game"]
[Site "?"]
[Date "2021.06.07"]
[Round "?"]
[White "Deathllan1"]
[Black "GoughPhar"]
[Result "1-0"]
[WhiteElo "2486"]
[BlackElo "2415"]
[PlyCount "127"]
[EventDate "2021.??.??"]
[EventType "blitz"]

1. e4 e5 2. Nf3 d5 3. Nxe5 Bd6 4. d4 dxe4 5. Nc3 Bxe5 6. dxe5 Qxd1+ 7. Kxd1
Bg4+ 8. Be2 Bxe2+ 9. Kxe2 Nc6 10. Bf4 O-O-O 11. Rhd1 Nge7 12. Rxd8+ Rxd8 13.
Rd1 Nd4+ 14. Kf1 Nxc2 15. Rxd8+ Kxd8 16. Nxe4 Nb4 17. a3 Nd3 18. Bg3 Nxb2 19.
f4 Nc4 20. a4 a5 21. Nc3 Nf5 22. Be1 c6 23. Ke2 Kc7 24. Kd3 Nb6 25. g4 Ne7 26.
Ne4 Ned5 27. f5 Nb4+ 28. Bxb4 axb4 29. a5 Nd5 30. Ng5 f6 31. Ne6+ Kd7 32. exf6
Nxf6 33. h3 g6 34. Kc4 gxf5 35. gxf5 Nd5 36. Nf8+ Kd6 37. Nxh7 Ke5 38. f6 Ke6
39. h4 Kf7 40. h5 Ke6 41. Nf8+ Kxf6 42. Nd7+ Kg5 43. Nc5 b5+ 44. Kb3 Kxh5 45.
a6 Kg5 46. a7 Nc7 47. Kxb4 Kf6 48. Ka5 Ke5 49. Kb6 Kd6 50. Kb7 b4 51. Nb3 Kd7
52. Na5 c5 53. Nc4 b3 54. Nb2 Kd6 55. Nc4+ Kd7 56. Kb6 Na8+ 57. Kb7 Ke6 58.
Kxa8 Kd5 59. Nb2 c4 60. Kb8 c3 61. a8=Q+ Kd4 62. Qa4+ Ke3 63. Qxb3 Kd2 64. Na4
{Time forfeit} 1-0

[Event "Rated Blitz game"]
[Site "?"]
[Date "2021.06.07"]
[Round "?"]
[White "delivadacheckmate"]
[Black "batasjon"]
[Result "0-1"]
[WhiteElo "2414"]
[BlackElo "2377"]
[PlyCount "106"]
[EventDate "2021.??.??"]
[EventType "blitz"]

1. e4 e5 2. Nf3 d5 3. Nc3 dxe4 4. Nxe4 f5 5. Nc3 e4 6. Ne5 Qd4 7. Nc4 Be6 8. d3
Bxc4 9. dxc4 Qxd1+ 10. Nxd1 Nc6 11. c3 O-O-O 12. Bf4 Bd6 13. Bxd6 Rxd6 14. Ne3
g6 15. g3 Nge7 16. Be2 Ne5 17. O-O Rd2 18. Rfe1 Rxb2 19. Nd5 Nxd5 20. cxd5 Nd7
21. c4 Nc5 22. a4 a5 23. f3 Re8 24. f4 b6 25. Ra3 Kd7 26. h4 h5 27. Kf2 Kd6 28.
Ke3 Rb3+ 29. Rxb3 Nxb3 30. Rb1 Nc5 31. Bd1 Rb8 32. Kd4 c6 33. Bc2 cxd5 34. cxd5
Kc7 35. Ke5 Rd8 36. Rd1 Rd6 37. Rd2 Nd7+ 38. Kd4 Nf6 39. Ke5 Ng4+ 40. Kd4 e3
41. Re2 Rd7 42. Bb3 Kd6 43. Bc4 Re7 44. Bd3 Rc7 45. Rb2 Rb7 46. Ba6 Rb8 47. Bd3
Nf6 48. Rc2 Nxd5 49. Bb5 Nb4 50. Re2 Rc8 51. Rxe3 Nc2+ 52. Kd3 Nxe3 53. Kxe3
Kc5 {Normal} 0-1

[Event "Rated Blitz game"]
[Site "?"]
[Date "2021.06.07"]
[Round "?"]
[White "Sijavush"]
[Black "KinzyabulatovRenat"]
[Result "1-0"]
[WhiteElo "2502"]
[BlackElo "2405"]
[PlyCount "49"]
[EventDate "2021.??.??"]
[EventType "blitz"]

1. e4 e5 2. Nf3 d5 3. exd5 e4 4. Ne5 Qxd5 5. d4 exd3 6. Nxd3 Nc6 7. Nc3 Qa5 8.
Be2 Bf5 9. O-O O-O-O 10. Bd2 Nd4 11. Bg4 Nf6 12. Bxf5+ Qxf5 13. Be3 Nxc2 14.
Qxc2 Qxd3 15. Qa4 a6 16. Rfd1 Qf5 17. Rxd8+ Kxd8 18. Qb3 Kc8 19. Qxf7 Bd6 20.
Qxg7 Rg8 21. Qf7 Qg4 22. g3 Nh5 23. Nd5 Nxg3 24. hxg3 Bxg3 25. Qxg8+ {Time
forfeit} 1-0

[Event "Rated Blitz tournament U0DOW4eD"]
[Site "?"]
[Date "2021.06.07"]
[Round "?"]
[White "Sachi23"]
[Black "dr_xStranger"]
[Result "0-1"]
[WhiteElo "2257"]
[BlackElo "2550"]
[PlyCount "36"]
[EventDate "2021.??.??"]
[EventType "blitz"]

1. e4 e5 2. Nf3 d5 3. exd5 e4 4. Ng1 Nf6 5. d3 Bc5 6. dxe4 Nxe4 7. Be3 Bxe3 8.
fxe3 Qh4+ 9. Ke2 Qf2+ 10. Kd3 Bf5 11. Kc4 Nd6+ 12. Kb3 Qxe3+ 13. Bd3 Qb6+ 14.
Kc3 Qc5+ 15. Kb3 Qxd5+ 16. Kc3 Qc5+ 17. Kb3 Be6+ 18. Ka4 b5+ {Normal} 0-1

[Event "Rated Blitz game"]
[Site "?"]
[Date "2021.06.07"]
[Round "?"]
[White "Kabeljaukrieger"]
[Black "KinzyabulatovRenat"]
[Result "1-0"]
[WhiteElo "2491"]
[BlackElo "2417"]
[PlyCount "91"]
[EventDate "2021.??.??"]
[EventType "blitz"]

1. e4 e5 2. Nf3 d5 3. d3 dxe4 4. dxe4 Qxd1+ 5. Kxd1 Nf6 6. Bd3 Nc6 7. Ke2 Nb4
8. a3 Nxd3 9. cxd3 Bd6 10. Nbd2 Be6 11. b3 O-O-O 12. Bb2 Nd7 13. Ng5 Bg4+ 14.
f3 Bh5 15. g4 Bg6 16. h4 f6 17. h5 Bxh5 18. Rxh5 fxg5 19. Rxg5 g6 20. Nc4 Rde8
21. d4 b5 22. Nxe5 Nxe5 23. Rxe5 Bxe5 24. dxe5 h5 25. Rg1 h4 26. f4 Kb7 27. f5
Kb6 28. e6 Rhf8 29. Kf3 g5 30. Bg7 Rg8 31. Bf6 c5 32. Rd1 c4 33. b4 a5 34. Rd6+
Kc7 35. Rd7+ Kc6 36. Be5 Rc8 37. f6 h3 38. Kg3 Rh8 39. Kh2 Rh6 40. Rd6+ Kb7 41.
f7 c3 42. Bxc3 Rxc3 43. f8=Q Rc2+ 44. Kg3 h2 45. Qe7+ Rc7 46. Rd7 {Time forfeit
} 1-0